00893nam a2200241 a 4500001001000000005001700010008004100027041000800068044000600076050002400082100002300106245008200129260004700211300002800258500005800286500008800344500005900432500005000491500000800541600003700549650002500586650004000611BRCA_474520190320204803.0071010s1945----u--a######---#000-0#eng-# aeng au 4aND813.S3b.S67 19451 aSoria, Martín S.10aSánchez Cotan´s Quince, Cabbage, Melon and Cucumbercby Martín S. Soria. aDetroit, MichiganbInstitute of Artsc1945 ap. 225-230bil.c29 cm. aEn: The art quarterly. Vol. VIII, No. 3 (summer 1945) aArtículo que consta de 5 páginas. Inventariado por Banco de México como libro aIncluye nota de agradecimiento del autor a Franz Mayer aEstado físico: Encuadernación deteriorada aD8714aSánchez Cotan, Juand1561-162714aPintores españoles14aGalerías y museoszEstados Unidos